Τρεις μελέτες για τον Χέγκελ
Saved in:
| Main Author: | |
|---|---|
| Other Authors: | |
| Format: | Book |
| Language: | Greek German |
| Published: |
Αθήνα :
Κριτική,
1992.
|
| Series: | Κριτική σκέψη
|
| Subjects: | |
| Tags: |
Add Tag
No Tags, Be the first to tag this record!
|
MARC
| LEADER | 00000cam a2200000 i 4500 | ||
|---|---|---|---|
| 001 | 1/97618 | ||
| 008 | 950221s1992 gr | ||| |||| ||gre|| | ||
| 020 | |a 9602180153 | ||
| 035 | |l 10010627 | ||
| 040 | |a GR-MyUA |b gre |e AACR2 | ||
| 041 | 1 | |a gre |h ger | |
| 082 | 0 | |a 193 | |
| 100 | 1 | |a Adorno, Theodor W., |d 1903-1969. | |
| 245 | 1 | 0 | |a Τρεις μελέτες για τον Χέγκελ / |c Theodor W. Adorno ; μετάφραση και επιμέλεια Νικόλαος Λίβος. |
| 260 | |a Αθήνα : |b Κριτική, |c 1992. | ||
| 300 | |a 191 σ. | ||
| 490 | 1 | |a (Κριτική σκέψη) | |
| 500 | |a Τίτλος πρωτοτύπου: Drei studien zu Hegel. | ||
| 600 | 1 | 0 | |a Hegel, Georg Wilhelm Friedrich, |d 1770-1831. |
| 700 | 1 | |a Λίβος, Νίκος, |e trl | |
| 830 | 0 | |a Κριτική σκέψη | |
| 852 | |a INST |b LESVOS |e 19950221 |h 193 ADO |p 005100002850 |q 005100002850 |t BK |y 0 | ||
| 909 | |a Λ |b 026340 | ||
| 922 | |a 1ΕΛΗ |b 199303 |c ΠΠ/3130 | ||